=LDR 00000nam 2200000 4500 =001 INLIS000000000035871 =005 20130612141709 =008 ***********************************Ind** =035 ##$$0010-061300000035871 =041 ##$$a Ind =082 ##$$a 372.8302 =090 ##$$a 372.8302, Ide p =100 ##$$a Ide, Antoni Ahmad =245 ##$$a Pintar Ips SD =850 ##$$a NBPNMAT